1467 1057 1863 1381 1604 1391 1044 1415 1335 1379 1842 1572 1491 1418 1114 1513 1129 1674 1234 1507 1880 1346 1799 1628 1152 1002 1750 1814 1973 1535 1448 1668 1618 1571 1396 1690 1977 1199 1796 1910 1835 1943 1487 1825 1989 1545 1408 1014 1555 1878 1664 1227 1603 1416 1254 1347 1238 1674 1046 1183 1859 1472 1943 1293 1072 1448 1738 1377 1101 1738 1118 1446 1375 1080 1619 1457 1994 1745 1415 1433 1207 1225 1556 1285 1395 1014 1108 1870 1580 1905 1215 1676 1289 1145 1457 1193 1460 1610 1020 BCNSPRNW ULIB Ver.6.0+V

เปลี่ยนเป็นภาษาไทย

Change to English
 แสดงรายละเอียดบรรณานุกรม
  กลับหน้าหลัก

Brief Record : Get Marc (ISO 2709) : E-mail record : QR code < ปิดหน้าต่าง
LEADER : 00000nam 2200000uu 4500
001    13399112323
003     ULIB
008    110627s2554||||th 000 0 tha d
020    9789747040104
090    นว.^bณ429ส 2554
100 0  ณารา
245 00 ส้มหวานน้ำตาลเปรี้ยว/^cณารา
250    พิมพ์ครั้งที่ 3
260    กรุงเทพฯ :^bพิมพ์คำ,^c2554
300    264 หน้า
710 1  พิมพ์คำ
945    ^p170^l0^i030392
995    ทศพร
999 ^a ใช้งานได้ทุกระบบ
รายการนี้ยังไม่มีแท็ก
คุณยังไม่ได้ล็อกอิน คุณสามารถมีกิจกรรมร่วมกับเว็บไซต์ได้ แต่ต้องล็อกอินก่อน ::
  ล็อกอิน

รายการสื่อสารสนเทศ

ลำดับที่ ประเภท เลขเรียก/บาร์โค้ด สถานที่ สถานะ
- ไม่พบข้อมูล -

รายการใกล้เคียง
    ผู้แต่ง [ณารา]

BibComment


ยังไม่เคยถูกคอมเมนท์

คอมเมนท์ทรัพยากรรายการนี้
  คอมเมนท์: ส้มหวานน้ำตาลเปรี..


 Copyright 2026. Bcnsprnw @Library